000 00796nam a2200217Ii 4500
003 JO-AjNU
008 230605s9999||||xx |||||||||||||| ||und||
017 _a2003/1/131
040 _aJO-AjNU
_bara
_erda
_cJO-AjNU
041 _aara
050 1 4 _aBF128.A7.A2396 2003
100 3 _aتاليف أبو حميدان، يوسف عبد الوهاب,
_eauthor
_929386
245 0 0 _aتعديل السلوك: النظرية والتطبيق
250 _aط1
264 3 1 _aعمان: المدى للنشر، 2003
300 _a302ص
_bيشنمل على قائمة بالمصطلحات ومعانيها باللغة العربية
336 _atext
_btxt
_2rdacontent
337 _aunmediated
_bn
_2rdamedia
338 _avolume
_bnc
_2rdacarrier
650 4 _aعلم النفس - السلوك
_929387
999 _aA11518
_c15086
_d15086